Seth Rogen Movies - Statistics

General Stats
  • This quiz has been taken 45 times
    10 since last reset
  • The average score is 14 of 78
Answer Stats
Year Movie % Correct
2007 Superbad
83%
2007 Knocked Up
67%
2009 Observe and Report
50%
2011 Paul
50%
2008 Pineapple Express
50%
2016 Sausage Party
50%
2005 The 40-Year-Old Virgin
50%
2017 The Disaster Artist
50%
2011 The Green Hornet
50%
2014 The Interview
50%
2013 This is the End
50%
2012 21 Jump Street
33%
2014 22 Jump Street
33%
2004 Anchorman: The Legend of Ron Bergundy
33%
2001 Donnie Darko
33%
2009 Funny People
33%
2009 Monsters vs. Aliens
33%
2024 Mufasa: The Lion King
33%
2014 Neighbors
33%
2015 Steve Jobs
33%
2023 Teenage Mutant Ninja Turtles: Mutant Mayhem
33%
2012 The Guilt Trip
33%
2019 The Lion King
33%
2008 Zack and Miri Make a Porno
33%
2011 50/50
17%
2020 An American Pickle
17%
2018 Blockers
17%
2022 Chip 'n Dale: Rescue Rangers
17%
2009 Fanboys
17%
2019 Good Boys
17%
2025 Good Fortune
17%
2023 Joy Ride
17%
2008 Kung Fu Panda
17%
2011 Kung Fu Panda 2
17%
2016 Kung Fu Panda 3
17%
2024 Kung Fu Panda 4
17%
2019 Long Shot
17%
2016 Neighbors 2: Sorority Rising
17%
2007 Shrek the Third
17%
2011 Take This Waltz
17%
2022 The Fabelmans
17%
2015 The Night Before
17%
2023 The Super Mario Bros. Movie
17%
2012 The Watch
17%
2019 Zeroville
17%
2026 4 Kids Walk Into a Bank
0%
2009 Adventureland
0%
2025 Animal Farm
0%
2018 Arizona
0%
2027 Being Mortal
0%
2020 Black is King
0%
2009 Bruno
0%
2023 Cobweb
0%
2020 Console Wars
0%
2022 Dog
0%
2020 Dolittle
0%
2013 Don Jon
0%
2008 Drillbit Taylor
0%
2008 Dr. Seuss' Horton Hears a Who!
0%
2023 Dumb Money
0%
2012 For a Good Time Call...
0%
2018 Game Over, Man!
0%
2018 Like Father
0%
2024 Miller's Girl
0%
2009 Paper Heart
0%
2008 Step Brothers
0%
2027 Teenage Mutant Ninja Turtles 2
0%
2016 The Brothers Grimsby
0%
2012 The Dictator
0%
2026 The Invite
0%
2018 The Oath
0%
2014 The Sound and the Fury
0%
2008 The Spiderwick Chronicles
0%
2026 The Super Mario Galaxy Movie
0%
2026 The Wrong Girls
0%
2004 Wake Up, Ron Bergundy: The Lost Movie
0%
2002 Who's Your Daddy?
0%
2006 You, Me and Dupree
0%
No matching quizzes found
Score Distribution
Percent of People with Each Score
Percentile by Number Answered
Your Score History
You have not taken this quiz since the last reset